Personnages du Winx Club - Statistiques

Statistiques générales
  • Ce quiz a été pris 3 212 fois
  • Le résultat moyen est 13 sur 18
Statistiques - réponses
Caractéristique Réponse % Correct
Fée de la flamme du dragon Bloom
99%
Fée de la nature Flora
99%
Fée du soleil Stella
99%
Fée de la musique Musa
98%
Fée de la technologie Tecna
95%
Spécialiste, prince d'Eraklyon Sky
90%
Spécialiste, écuyer de son meilleur ami Brandon
88%
Fée des fluides Layla
87%
Spécialiste connu pour son mauvais caractère Riven
83%
Sorcière de la glace Icy
74%
Sorcière des tempêtes Stormy
74%
Sorcière des illusions Darcy
70%
Directrice d'Alféa Faragonda
65%
Spécialiste, diplomate et poète Helia
60%
Sorcier, ami des Winx et des spécialistes Nabu
42%
Directrice de la Tour Nuage Griffin
36%
Directeur de la Fontaine-Rouge Saladin
23%
Spécialiste, geek Thimmy
17%
Aucun quiz correspondant
Distribution des résultats
% des personnes avec chaque résultat
Percentile par nombre de réponses
Votre historique - résultats
Vous n’avez pas pris ce quiz